[Event "USCL Los Angeles vs Dallas"]
[Site "Internet Chess Club"]
[Date "2010.09.01"]
[Round "2"]
[White "Banawa, Joel"]
[Black "Kiewra, Keaton"]
[Result "1/2-1/2"]
[WhiteElo "2416"]
[BlackElo "2361"]
[PlyCount "115"]
[EventDate "2010.??.??"]

1. d4 Nf6 2. c4 e5 3. dxe5 Ng4 4. e3 Nxe5 5. Nh3 Bc5 6. Nf4 O-O 7. Nc3 a5 8.
Be2 Ra6 9. b3 Rh6 10. Bb2 d6 11. a3 Bf5 12. Qd2 Ng6 13. Ncd5 c6 14. Nxg6 hxg6
15. Qc3 f6 16. Nf4 g5 17. Nh5 Bg6 18. Ng3 Nd7 19. Rd1 Qe7 20. b4 Ba7 21. Qd2
Bb8 22. O-O f5 23. Rfe1 f4 24. Nf1 Ne5 25. Bxe5 Qxe5 26. Qd4 Qe7 27. Bg4 Qc7
28. exf4 Rxf4 29. Be6+ Bf7 30. Bxf7+ Qxf7 31. Qb6 Bc7 32. Qxb7 axb4 33. axb4
Rxc4 34. Ne3 d5 35. Qc8+ Kh7 36. h3 Rxb4 37. Nf5 Rf6 38. Re7 Rxf5 39. Rxf7 Rxf7
40. Qe6 Rf6 41. Qe7 Bd6 42. Qe8 Rb2 43. f3 Bf4 44. Qh5+ Kg8 45. Qe8+ Kh7 46.
Qh5+ Kg8 47. Re1 Rb8 48. Re8+ Rf8 49. Rxf8+ Kxf8 50. Qg6 Re8 51. Kf2 Ra8 52.
Qxc6 Ra2+ 53. Kf1 Ra1+ 54. Ke2 Ra2+ 55. Kf1 Ra1+ 56. Ke2 Ra2+ 57. Kd1 Ra1+ 58.
Ke2 1/2-1/2

[Event "USCL Los Angeles vs Dallas"]
[Site "Internet Chess Club"]
[Date "2010.09.01"]
[Round "2"]
[White "Lopez, Nelson"]
[Black "Gupta, Ankit"]
[Result "1-0"]
[WhiteElo "2229"]
[BlackElo "2290"]
[PlyCount "65"]
[EventDate "2010.??.??"]

1. e4 c6 2. d4 d5 3. f3 dxe4 4. fxe4 e5 5. Nf3 Bg4 6. Bc4 Nd7 7. Be3 Ngf6 8.
O-O Bd6 9. c3 O-O 10. Nbd2 Qc7 11. h3 Bh5 12. Qc2 b5 13. Bd3 c5 14. dxe5 Nxe5
15. Nxe5 Bxe5 16. Bxb5 Rad8 17. Rae1 Bg6 18. Bg5 Bh2+ 19. Kh1 Nh5 20. Rf3 f6
21. Bh4 Be5 22. Nc4 Rb8 23. Nxe5 Rxb5 24. Qe2 Rb7 25. Nxg6 hxg6 26. Qc4+ Kh7
27. b3 Rd8 28. Bf2 Nf4 29. Bg3 g5 30. h4 Qa5 31. hxg5 fxg5 32. Bxf4 gxf4 33.
Rh3+ 1-0

[Event "USCL Los Angeles vs Dallas"]
[Site "Internet Chess Club"]
[Date "2010.09.01"]
[Round "2"]
[White "Hughes, Tyler"]
[Black "Kretchetov, Alexandre"]
[Result "1-0"]
[WhiteElo "2384"]
[BlackElo "2376"]
[PlyCount "113"]
[EventDate "2010.??.??"]

1. d4 d5 2. c4 c6 3. Nf3 Nf6 4. e3 g6 5. Nc3 Bg7 6. Bd3 O-O 7. O-O Bg4 8. h3
Bxf3 9. Qxf3 e6 10. Rd1 Nbd7 11. Bd2 Re8 12. Be1 Qe7 13. Qe2 a6 14. cxd5 exd5
15. b4 b5 16. a4 Nb6 17. Ra2 Qb7 18. Qf3 Nc4 19. e4 Re6 20. e5 Nd7 21. Qg3 f5
22. f4 Nf8 23. Qf3 Ree8 24. g4 Qf7 25. gxf5 gxf5 26. Rg2 Ne6 27. Bb1 Kh8 28.
Bh4 Nb6 29. a5 Nd7 30. Ne2 Bh6 31. Kh1 Rg8 32. Rxg8+ Rxg8 33. Ng3 Ng7 34. Rg1
Re8 35. Ne2 Re6 36. Bg5 Rg6 37. h4 Nf8 38. Bf6 Rxf6 39. exf6 Qxf6 40. Qg3 Ng6
41. Re1 Qe7 42. Qh3 Qxb4 43. Rg1 Ne7 44. Qe3 Qd6 45. h5 Qf6 46. Qh3 Ne6 47. Qe3
Bg7 48. Rd1 Qh4+ 49. Kg2 Qf6 50. Kf3 Ng8 51. Qe5 Qxe5 52. dxe5 Ne7 53. Ng3 Bh6
54. Nxf5 Nxf5 55. Bxf5 Nxf4 56. e6 Kg7 57. e7 1-0

[Event "USCL New York vs Philadelphia"]
[Site "Internet Chess Club"]
[Date "2010.09.07"]
[Round "3"]
[White "Costigan, Richard"]
[Black "Williams, Justus"]
[Result "1/2-1/2"]
[WhiteElo "2288"]
[BlackElo "2167"]
[PlyCount "67"]
[EventDate "2010.??.??"]

1. e4 c5 2. Nf3 g6 3. c3 Bg7 4. d4 cxd4 5. cxd4 d5 6. exd5 Nf6 7. Bb5+ Nbd7 8.
d6 O-O 9. dxe7 Qxe7+ 10. Be2 Re8 11. Nc3 b5 12. a3 Nb6 13. O-O a6 14. Ne5 Bb7
15. Bf3 Rad8 16. Nc6 Bxc6 17. Bxc6 Rf8 18. Bf4 Nh5 19. Be3 Nc4 20. Qe2 Qd6 21.
Bf3 Nf4 22. Qc2 Bxd4 23. Bxd4 Qxd4 24. Rfd1 Qf6 25. Rxd8 Rxd8 26. Rd1 Rxd1+ 27.
Bxd1 Ne6 28. Qe2 Kg7 29. g3 Nd4 30. Qe4 Nd2 31. Qe3 Nc4 32. Qe4 Ne6 33. Qe2 Nd4
34. Qe4 1/2-1/2

[Event "USCL Philadelphia vs New York"]
[Site "Internet Chess Club"]
[Date "2010.09.07"]
[Round "3"]
[White "Krush, Irina"]
[Black "Dehmelt, Karl"]
[Result "1-0"]
[WhiteElo "2528"]
[BlackElo "2308"]
[PlyCount "57"]
[EventDate "2010.??.??"]

1. d4 d5 2. c4 e5 3. dxe5 d4 4. Nf3 Nc6 5. a3 Nge7 6. b4 Ng6 7. Bb2 Ncxe5 8.
Nxe5 Nxe5 9. e3 Be6 10. c5 Ng4 11. Bxd4 Qh4 12. g3 Qh6 13. Bg2 c6 14. b5 Bd7
15. h3 Nf6 16. bxc6 Bxc6 17. Bxc6+ bxc6 18. Qf3 Nd7 19. O-O Be7 20. Nd2 O-O 21.
Kg2 Rab8 22. Rac1 Rfd8 23. Rfd1 Bf8 24. Ne4 Qg6 25. Nd6 Nxc5 26. Bxc5 Bxd6 27.
Bxa7 Ra8 28. Bb6 Bxa3 29. Rxc6 1-0

[Event "USCL New York vs Philadelphia"]
[Site "Internet Chess Club"]
[Date "2010.09.07"]
[Round "3"]
[White "Kacheishvili, Giorgi"]
[Black "Smith, Bryan"]
[Result "1-0"]
[WhiteElo "2619"]
[BlackElo "2572"]
[PlyCount "81"]
[EventDate "2010.??.??"]

1. d4 Nf6 2. c4 g6 3. Nc3 Bg7 4. e4 d6 5. Be2 O-O 6. Nf3 e5 7. O-O Nc6 8. d5
Ne7 9. Ne1 Nd7 10. Be3 f5 11. f3 f4 12. Bf2 g5 13. Rc1 a5 14. a3 Ng6 15. Nd3 b6
16. b4 Nf6 17. c5 axb4 18. axb4 bxc5 19. bxc5 Rf7 20. cxd6 cxd6 21. Nb4 h5 22.
Nc6 Qf8 23. Na4 Bb7 24. Nb6 Ra2 25. Bc4 Ra3 26. Rc2 g4 27. Qc1 Re3 28. Bxe3
fxe3 29. Qxe3 Bh6 30. Qe1 gxf3 31. Rxf3 Ng4 32. Rcc3 Bf4 33. g3 Bg5 34. Be2 Nf6
35. Bf1 Qh6 36. Nc4 Rg7 37. Rb3 h4 38. Nxd6 hxg3 39. Rxg3 Bd2 40. Qf2 Bf4 41.
Nf5 1-0

[Event "USCL Baltimore vs Carolina"]
[Site "Internet Chess Club"]
[Date "2010.09.07"]
[Round "3"]
[White "Simpson, Ron"]
[Black "Enkhbat, Tegshsuren"]
[Result "0-1"]
[WhiteElo "2330"]
[BlackElo "2425"]
[PlyCount "76"]
[EventDate "2010.??.??"]

1. e4 c6 2. d4 d5 3. exd5 cxd5 4. Nf3 Nc6 5. Bd3 Bg4 6. c3 Qc7 7. Qb3 Bxf3 8.
gxf3 O-O-O 9. Na3 a6 10. Be3 Nf6 11. Qa4 e5 12. O-O-O Bxa3 13. Qxa3 Nxd4 14.
Bxd4 exd4 15. Bf5+ Kb8 16. Rxd4 Rhe8 17. h4 Rd6 18. Rhd1 Re2 19. Kb1 Rxf2 20.
c4 Rb6 21. cxd5 Rbxb2+ 22. Qxb2 Rxb2+ 23. Kxb2 Qe5 24. Bc2 Nxd5 25. Kb3 Ne3 26.
R1d3 Qe6+ 27. Kb2 Nc4+ 28. Kc3 Ne5 29. Re3 Qc6+ 30. Kd2 Nxf3+ 31. Rxf3 Qxf3 32.
a4 h6 33. Bd1 Qf2+ 34. Kd3 g5 35. hxg5 hxg5 36. Bb3 g4 37. Bd5 g3 38. Rg4 Qf5+
0-1

[Event "USCL New York vs Philadelphia"]
[Site "Internet Chess Club"]
[Date "2010.09.07"]
[Round "3"]
[White "Bartell, Tom"]
[Black "Fedorowicz, John"]
[Result "1/2-1/2"]
[WhiteElo "2429"]
[BlackElo "2508"]
[PlyCount "125"]
[EventDate "2010.??.??"]

1. Nf3 Nf6 2. c4 g6 3. d4 Bg7 4. g3 O-O 5. Bg2 d5 6. cxd5 Nxd5 7. O-O Nb6 8.
Nc3 Nc6 9. e3 Re8 10. Re1 h6 11. Qe2 a5 12. Rd1 a4 13. Ne5 Bd7 14. Nxd7 Qxd7
15. Ne4 Qc8 16. Bd2 e5 17. dxe5 Bxe5 18. Bc3 Bxc3 19. Nxc3 Ra5 20. Rac1 Qe6 21.
Ne4 Qe7 22. h4 Re5 23. Nc3 Qe6 24. Nb5 Qxa2 25. Bxc6 bxc6 26. Rxc6 Nd5 27. Nxc7
Nxc7 28. Rxc7 Rb8 29. Qc2 Ree8 30. Rd6 Re6 31. Rc8+ Rxc8 32. Qxc8+ Kh7 33. Rxe6
fxe6 34. Qd7+ Kg8 35. Qe8+ Kg7 36. Qe7+ Kg8 37. Qf6 Qb1+ 38. Kh2 Qe4 39. Qd4
Qc2 40. Kg2 h5 41. e4 Qc6 42. Kf3 Kf7 43. Kf4 Qc7+ 44. e5 Qc1+ 45. Kf3 Qc6+ 46.
Ke2 Qc2+ 47. Kf1 Qc1+ 48. Kg2 Qc6+ 49. Kh2 Kg7 50. Qa7+ Kg8 51. Qd4 Kg7 52. Qf4
Qb6 53. Qd2 Qc6 54. Kg1 Kh7 55. Qe2 Qc1+ 56. Kh2 Qc5 57. f3 Qd4 58. g4 Qf4+ 59.
Kg2 Kh6 60. Kh3 Qc1 61. Kg2 Qf4 62. Kh3 Qc1 63. Kg2 1/2-1/2

[Event "USCL Baltimore vs Carolina"]
[Site "Internet Chess Club"]
[Date "2010.09.07"]
[Round "3"]
[White "Foisor, Sabina"]
[Black "Agner, Carlito"]
[Result "1/2-1/2"]
[WhiteElo "2367"]
[BlackElo "2251"]
[PlyCount "90"]
[EventDate "2010.??.??"]

1. d4 Nf6 2. c4 g6 3. Nc3 Bg7 4. e4 d6 5. Nf3 O-O 6. Be2 Nbd7 7. O-O e5 8. d5
a5 9. Ne1 Nc5 10. Qc2 Qe7 11. Kh1 Bd7 12. Be3 Ne8 13. Nd3 f5 14. Nxc5 dxc5 15.
exf5 gxf5 16. f4 e4 17. Rad1 Ra6 18. Qd2 Rh6 19. Qe1 b6 20. Rg1 Nd6 21. Qf2 Kh8
22. g3 Rg8 23. Rg2 Be8 24. Rdg1 Rh3 25. Nd1 Bf6 26. g4 fxg4 27. Bxg4 Rh4 28.
Be6 Rxg2 29. Qxg2 Qg7 30. Qf2 Qf8 31. Bd2 Bh5 32. h3 Bf3+ 33. Kh2 Rh6 34. Ne3
Rg6 35. Rxg6 hxg6 36. Qg3 Qg7 37. Bc3 Bxc3 38. Qh4+ Bh5 39. Qd8+ Kh7 40. bxc3
Be2 41. Qh4+ Qh6 42. Qe7+ Qg7 43. Qh4+ Qh6 44. Qe7+ Qg7 45. Qh4+ Qh6 1/2-1/2

[Event "USCL Arizona vs Los Angeles"]
[Site "Internet Chess Club"]
[Date "2010.09.07"]
[Round "3"]
[White "Barcenilla, Rogelio"]
[Black "Khachiyan, Melikset"]
[Result "1-0"]
[WhiteElo "2583"]
[BlackElo "2590"]
[PlyCount "61"]
[EventDate "2010.??.??"]

1. c4 Nf6 2. g3 c6 3. Bg2 d5 4. Nf3 g6 5. b3 Bg7 6. Bb2 O-O 7. O-O Qb6 8. Qc2
Bg4 9. d3 Bxf3 10. Bxf3 Nbd7 11. Nc3 e6 12. Bg2 h5 13. Na4 Qc7 14. cxd5 exd5
15. e4 Qd6 16. Rfe1 Rfe8 17. f4 d4 18. e5 Nxe5 19. fxe5 Rxe5 20. Rxe5 Qxe5 21.
Bf3 Ng4 22. Bxg4 hxg4 23. Nc5 Bh6 24. Ne4 Be3+ 25. Kh1 f5 26. Qc4+ Kh7 27. Re1
fxe4 28. Qf7+ Kh6 29. Rxe3 Qd6 30. Rxe4 Rf8 31. Bc1+ 1-0

[Event "USCL Baltimore vs Carolina"]
[Site "Internet Chess Club"]
[Date "2010.09.07"]
[Round "3"]
[White "Kaufman, Larry"]
[Black "Schroer, Jonathan"]
[Result "1-0"]
[WhiteElo "2452"]
[BlackElo "2437"]
[PlyCount "167"]
[EventDate "2010.??.??"]

1. d4 d5 2. c4 c6 3. Nf3 Nf6 4. Nc3 e6 5. Bg5 Nbd7 6. cxd5 exd5 7. e3 Be7 8.
Qc2 O-O 9. Bd3 Re8 10. h3 Nf8 11. O-O Ng6 12. Bxf6 Bxf6 13. b4 Be7 14. Rab1 Bd6
15. Rfc1 Qf6 16. Qd1 Nh4 17. Nxh4 Qxh4 18. Qf3 Re6 19. Bf5 Rf6 20. Qg4 Qxg4 21.
Bxg4 Bxg4 22. hxg4 b5 23. a4 a6 24. a5 Re8 25. Nd1 Bf8 26. Rb3 Rg6 27. Nb2 Ree6
28. Nd3 Rxg4 29. Rbc3 Rgg6 30. Nf4 Bxb4 31. R3c2 Bxa5 32. Nxe6 Rxe6 33. Rxc6
Bb4 34. Rxe6 fxe6 35. Rc6 a5 36. Rb6 a4 37. Rxb5 Be7 38. Ra5 a3 39. Kf1 Kf7 40.
Ra7 h5 41. f4 Kf6 42. Ke2 Bb4 43. Ra6 Kf5 44. Kf3 g6 45. Ra4 Bd6 46. Ra5 Kf6
47. Ra6 Ke7 48. g4 hxg4+ 49. Kxg4 Bb4 50. Kg5 Kf7 51. Ra7+ Be7+ 52. Kg4 Kf6 53.
Kf3 Bb4 54. Ra4 Be7 55. Ra6 Kf5 56. Ra7 Kf6 57. e4 dxe4+ 58. Kxe4 Bd6 59. Ra6
Ke7 60. Kf3 Bb4 61. Kg4 Kf7 62. Ra7+ Kf6 63. Ra6 Kf7 64. Kf3 Ke7 65. Ke4 Bd6
66. Ra8 Kf6 67. Ra7 Bb4 68. Ra6 Kf7 69. Ke5 Bf8 70. Ra7+ Be7 71. Rb7 a2 72. Ra7
a1=Q 73. Rxa1 Bf6+ 74. Ke4 g5 75. Ra7+ Kg6 76. Ra6 Kf7 77. d5 exd5+ 78. Kf5 Be7
79. fxg5 d4 80. g6+ Kg8 81. Ra8+ Kg7 82. Ra7 Kf8 83. g7+ Kxg7 84. Rxe7+ 1-0

[Event "USCL Seattle vs Miami"]
[Site "Internet Chess Club"]
[Date "2010.09.07"]
[Round "3"]
[White "Perez, Robert"]
[Black "Guo, Alex"]
[Result "0-1"]
[WhiteElo "2175"]
[BlackElo "2116"]
[PlyCount "148"]
[EventDate "2010.??.??"]

1. e4 e6 2. d4 d5 3. Nc3 Bb4 4. exd5 exd5 5. Bd3 Nc6 6. a3 Bxc3+ 7. bxc3 Nge7
8. Qh5 Be6 9. Rb1 b6 10. Nf3 Qd7 11. Ng5 O-O-O 12. Nxe6 Qxe6+ 13. Be3 f5 14.
O-O h6 15. Rfe1 g6 16. Qf3 Qf7 17. Re2 g5 18. Rbe1 Rhf8 19. Bc1 Ng6 20. Re6 g4
21. Qxf5 Qxf5 22. Bxf5 Rxf5 23. Rxg6 Na5 24. Rxg4 h5 25. Rg7 Rdf8 26. f3 R8f6
27. Kf2 Rc6 28. Re3 Nc4 29. Re8+ Kb7 30. Ke2 Nd6 31. Re3 Nc4 32. Ree7 Nd6 33.
Kd3 Nb5 34. Bb2 h4 35. Re5 Rcf6 36. Rxf5 Rxf5 37. Rh7 Rg5 38. Bc1 Rxg2 39. a4
Nd6 40. Bf4 Nc4 41. Rxc7+ Ka6 42. Rxc4 dxc4+ 43. Kxc4 Rf2 44. Be5 Rxf3 45. Kb4
Kb7 46. Kc4 Kc6 47. d5+ Kd7 48. Kd4 Rf2 49. Kd3 Rf5 50. Ke4 Rf2 51. Kd3 Rf1 52.
Kc4 Rb1 53. Bf6 h3 54. Be5 Rb2 55. Kd3 Ra2 56. Ke4 Rxa4+ 57. Kf3 Rh4 58. Kg3
Rh5 59. Kf4 a5 60. c4 a4 61. Bb2 Rh4+ 62. Kg3 Rxc4 63. Kxh3 Rxc2 64. Bf6 a3 65.
Kg3 a2 66. h4 Rc1 67. h5 a1=Q 68. Bxa1 Rxa1 69. Kg2 Ra5 70. Kf3 Rxd5 71. Kg4
Ke6 72. h6 Rd8 73. Kg5 b5 74. Kg6 b4 0-1

[Event "USCL Seattle vs Miami"]
[Site "Internet Chess Club"]
[Date "2010.09.07"]
[Round "3"]
[White "Martinez, Marcel"]
[Black "Cozianu, Costin"]
[Result "0-1"]
[WhiteElo "2475"]
[BlackElo "2557"]
[PlyCount "144"]
[EventDate "2010.??.??"]

1. e4 e5 2. Nf3 Nc6 3. Bb5 a6 4. Ba4 Nf6 5. O-O b5 6. Bb3 Bb7 7. d3 Be7 8. a4
O-O 9. Re1 d6 10. Nbd2 Na5 11. Ba2 b4 12. c3 c5 13. Nf1 Rb8 14. cxb4 cxb4 15.
Bd2 Bc8 16. Ne3 Be6 17. h3 b3 18. Bb1 Nc6 19. Bc3 Nd7 20. d4 exd4 21. Nxd4 Nxd4
22. Bxd4 Bf6 23. Qd2 Be5 24. Nf5 Bxf5 25. exf5 a5 26. Be4 Rb4 27. Bxe5 Nxe5 28.
Bd5 Qh4 29. Re3 Rfb8 30. Rc1 Qg5 31. f6 Qxf6 32. Rxb3 h6 33. Rxb4 Rxb4 34. b3
g5 35. Kf1 Kg7 36. Rc7 Qf5 37. Kg1 Qb1+ 38. Kh2 Qf5 39. Kg1 Qb1+ 40. Rc1 Qf5
41. Qc3 Qf6 42. Re1 Rd4 43. Be4 d5 44. Bc2 Nc6 45. Bd3 Nb4 46. Bb5 Re4 47. Rc1
Qxc3 48. Rxc3 Re1+ 49. Kh2 Kf6 50. Rf3+ Ke6 51. Rc3 Rb1 52. Re3+ Kd6 53. Rf3
Ke7 54. Kg3 d4 55. Bc4 f6 56. Kg4 Rc1 57. Kf5 Nc6 58. Rd3 Rc2 59. f4 gxf4 60.
Bd5 Nb4 61. Rxd4 Rc5 62. Ke4 f5+ 63. Kxf4 Nxd5+ 64. Kxf5 Nc7+ 65. Kg6 Rg5+ 66.
Kxh6 Rxg2 67. b4 Ne6 68. Re4 Kf6 69. bxa5 Rg6+ 70. Kh5 Ng7+ 71. Kh4 Nf5+ 72.
Kh5 Rg5# 0-1

[Event "USCL Arizona vs Los Angeles"]
[Site "Internet Chess Club"]
[Date "2010.09.07"]
[Round "3"]
[White "Rensch, Daniel"]
[Black "Abrahamyan, Tatev"]
[Result "1-0"]
[WhiteElo "2471"]
[BlackElo "2385"]
[PlyCount "73"]
[EventDate "2010.??.??"]

1. e4 e6 2. d4 d5 3. Nc3 Bb4 4. e5 Ne7 5. a3 Bxc3+ 6. bxc3 c5 7. Qg4 O-O 8. Bd3
Nbc6 9. Bg5 Qa5 10. Ne2 Ng6 11. O-O c4 12. Bxg6 fxg6 13. a4 Bd7 14. f3 Rf7 15.
h4 Raf8 16. Bc1 Re8 17. Bd2 Ne7 18. Rfb1 b6 19. Nf4 Ref8 20. Nh3 Nf5 21. Rb4 b5
22. h5 gxh5 23. Qxh5 bxa4 24. Ng5 g6 25. Qh3 Rg7 26. g4 Ne7 27. Kf2 a3 28. Rh1
a2 29. Nxh7 a1=Q 30. Nxf8 Qxh1 31. Qxh1 Bc8 32. Bg5 Nc6 33. Bf6 Kxf8 34. Qh8+
Rg8 35. Qh6+ Ke8 36. Qh7 Kf8 37. Rb8 1-0

[Event "USCL Arizona vs Los Angeles"]
[Site "Internet Chess Club"]
[Date "2010.09.07"]
[Round "3"]
[White "Tanaka, Christian"]
[Black "Mateer, Amanda"]
[Result "0-1"]
[WhiteElo "2227"]
[BlackElo "2135"]
[PlyCount "90"]
[EventDate "2010.??.??"]

1. d4 Nf6 2. c4 e6 3. g3 c5 4. Nf3 cxd4 5. Nxd4 d5 6. Bg2 e5 7. Nf3 d4 8. O-O
Nc6 9. Nbd2 Be7 10. a3 a5 11. b3 O-O 12. Qc2 Bg4 13. h3 Bh5 14. Re1 Bg6 15. Qa2
Nh5 16. Nh2 f5 17. Bd5+ Kh8 18. Bb2 Bf6 19. Rad1 Qc7 20. Ndf1 Rad8 21. Qa1 Qb6
22. Qa2 e4 23. e3 Be5 24. f4 dxe3 25. Kh1 Bd4 26. Kg2 Nf6 27. Bxc6 bxc6 28.
Bxd4 Rxd4 29. Rxd4 Qxd4 30. Nxe3 Qc3 31. Qc2 Qxe1 32. Nhf1 Rd8 33. g4 Rd3 34.
b4 axb4 35. axb4 Qxb4 36. Qf2 fxg4 37. hxg4 Bf7 38. f5 Rb3 39. Kh3 Bxc4 40. g5
Bxf1+ 41. Kh4 Nd5 42. f6 Rxe3 43. fxg7+ Kxg7 44. Qxf1 Qe1+ 45. Qxe1 Rxe1 0-1

[Event "USCL Arizona vs Los Angeles"]
[Site "Internet Chess Club"]
[Date "2010.09.07"]
[Round "3"]
[White "Banawa, Joel"]
[Black "Aldama, Dionisio"]
[Result "1/2-1/2"]
[WhiteElo "2416"]
[BlackElo "2399"]
[PlyCount "144"]
[EventDate "2010.??.??"]

1. d4 Nf6 2. c4 c5 3. d5 e6 4. Nc3 exd5 5. cxd5 d6 6. Nf3 g6 7. h3 Bg7 8. e4
O-O 9. Bd3 a6 10. a4 Re8 11. O-O Nbd7 12. Re1 Rb8 13. Bf4 Qc7 14. Nd2 Ne5 15.
Be2 h6 16. Rc1 g5 17. Bg3 Bd7 18. b4 cxb4 19. Nb5 Qb6 20. a5 Qxa5 21. Nxd6 Ba4
22. Nb3 Qd8 23. Nxe8 Nxe8 24. Qd2 Bxb3 25. Qxb4 Bxd5 26. Red1 Nc6 27. Rxc6 Bxc6
28. Rxd8 Rxd8 29. e5 Nc7 30. Qb6 Rc8 31. Bc4 Ne6 32. f3 Bf8 33. Kh2 Bc5 34. Qb1
Re8 35. Qf5 Bf8 36. Bd3 Bg7 37. h4 a5 38. hxg5 hxg5 39. Bf2 Rd8 40. f4 gxf4 41.
Bh4 Rxd3 42. Qxd3 Bxe5 43. Qf5 Bc7 44. Kh1 a4 45. Be7 Bb6 46. Qg4+ Kh7 47. Bf6
Kh6 48. Kh2 Be4 49. Qg8 Bg6 50. Qa8 Bf5 51. Qxb7 Kg6 52. Be5 Bd4 53. Bd6 Bc5
54. Bxc5 Nxc5 55. Qc6+ Ne6 56. Qxa4 Kf6 57. Qc6 Bg6 58. Kg1 Kg5 59. Kf2 Kg4 60.
Qd5 Bf5 61. Qe5 Bg6 62. Qe2+ Kf5 63. Qb5+ Kg4 64. Qe5 Bf5 65. Qc3 Kg5 66. Ke2
Bg6 67. Kd2 Kg4 68. Qh3+ Kg5 69. Kc3 Bf5 70. Qf3 Bg4 71. Qf2 Bf5 72. Qf3 Bg4
1/2-1/2

[Event "USCL New England vs New Jersey"]
[Site "Internet Chess Club"]
[Date "2010.09.08"]
[Round "3"]
[White "Shen, Arthur"]
[Black "Cherniack, Alex"]
[Result "0-1"]
[WhiteElo "2220"]
[BlackElo "2288"]
[PlyCount "68"]
[EventDate "2010.??.??"]

1. e4 e6 2. d4 d5 3. Nc3 Bb4 4. Nge2 Nc6 5. a3 Be7 6. Be3 dxe4 7. Nxe4 Nf6 8.
Nxf6+ Bxf6 9. Qd2 e5 10. d5 Ne7 11. O-O-O Nf5 12. Bc5 Nd6 13. Qe3 O-O 14. Kb1
Re8 15. f3 Bg5 16. Qb3 f5 17. Ng3 g6 18. Bd3 a6 19. c4 b6 20. Bb4 a5 21. Bd2
Nb7 22. Bxg5 Qxg5 23. Qb5 Qe7 24. h4 Nc5 25. d6 cxd6 26. Bc2 Bd7 27. Qxb6 Ra6
28. Qxa6 Nxa6 29. h5 Nc5 30. hxg6 hxg6 31. Nf1 Be6 32. Ne3 Rb8 33. Rh6 Qb7 34.
b4 axb4 0-1

[Event "USCL Manhattan vs Boston"]
[Site "Internet Chess Club"]
[Date "2010.09.08"]
[Round "3"]
[White "Zaremba, Andrei"]
[Black "Corke, Anya"]
[Result "0-1"]
[WhiteElo "2361"]
[BlackElo "2322"]
[PlyCount "70"]
[EventDate "2010.??.??"]

1. d4 Nf6 2. Nf3 b5 3. a4 b4 4. Bg5 Bb7 5. Nbd2 e6 6. e4 h6 7. Bxf6 Qxf6 8. Bd3
c5 9. e5 Qd8 10. Be4 Qc7 11. O-O cxd4 12. Bxb7 Qxb7 13. Nc4 Bc5 14. Qe2 O-O 15.
Rad1 Nc6 16. Rd3 Qc7 17. Rfd1 Rad8 18. Qe4 f6 19. Re1 Rde8 20. Qg4 fxe5 21.
Nfxe5 d5 22. Nxc6 dxc4 23. Rg3 d3 24. Rf1 Bd6 25. Qxc4 Bxg3 26. hxg3 dxc2 27.
Qxc2 Rc8 28. Rc1 Qd6 29. Qc5 Qxc5 30. Rxc5 Kh7 31. Rc4 Rc7 32. Ne5 Rxc4 33.
Nxc4 Rc8 34. Ne3 Rc1+ 35. Kh2 b3 0-1

[Event "USCL New England vs New Jersey"]
[Site "Internet Chess Club"]
[Date "2010.09.08"]
[Round "3"]
[White "Chase, Christopher"]
[Black "Shen, Victor"]
[Result "1-0"]
[WhiteElo "2382"]
[BlackElo "2339"]
[PlyCount "95"]
[EventDate "2010.??.??"]

1. e4 c5 2. Nf3 e6 3. d3 Nc6 4. g3 Bd6 5. Bg2 Nge7 6. c3 Bc7 7. O-O d5 8. Nbd2
O-O 9. Re1 Rb8 10. a4 a6 11. h4 b5 12. axb5 axb5 13. exd5 exd5 14. Nb3 Bd6 15.
Be3 Qb6 16. Ng5 h6 17. Nh3 Rd8 18. Nf4 d4 19. cxd4 cxd4 20. Bd2 Nb4 21. Na5 Rf8
22. Rxe7 Bxe7 23. Bxb4 Bxb4 24. Nc6 Bc5 25. Nd5 Qb7 26. Qc2 Qxc6 27. Ne7+ Bxe7
28. Qxc6 Bb7 29. Qd7 Bxg2 30. Kxg2 Bf6 31. Ra7 b4 32. Rb7 Be5 33. f4 Bf6 34.
Qb5 Rbe8 35. Qxb4 Re2+ 36. Kh3 Rc8 37. Rb8 Rxb8 38. Qxb8+ Kh7 39. Qb5 g6 40. b4
Rb2 41. Qc4 Kg8 42. b5 Be7 43. Qc6 Kg7 44. b6 g5 45. hxg5 hxg5 46. fxg5 Rb3 47.
b7 Bxg5 48. Qc7 1-0

[Event "USCL New England vs New Jersey"]
[Site "Internet Chess Club"]
[Date "2010.09.08"]
[Round "3"]
[White "Ippolito, Dean"]
[Black "van de Mortel, Jan"]
[Result "1/2-1/2"]
[WhiteElo "2526"]
[BlackElo "2462"]
[PlyCount "102"]
[EventDate "2010.??.??"]

1. d4 g6 2. Nf3 Bg7 3. c4 c5 4. d5 d6 5. e4 Nf6 6. Nc3 O-O 7. h3 e6 8. Bd3 exd5
9. exd5 Re8+ 10. Be3 Bh6 11. O-O Bxe3 12. fxe3 Nbd7 13. Rf2 Qe7 14. Qd2 Rf8 15.
Raf1 Nh5 16. g4 Ng7 17. e4 f6 18. Qf4 Ne8 19. Qg3 Kg7 20. Bc2 Ne5 21. Nxe5 Qxe5
22. Qxe5 dxe5 23. Kg2 Nd6 24. b3 Bd7 25. a4 b6 26. Bd3 a6 27. Ra2 Rh8 28. Raf2
Raf8 29. Be2 Rf7 30. Kh2 Rhf8 31. Bd3 Rh8 32. Be2 Rhf8 33. Rg1 Rb8 34. Rc1 Rff8
35. Bd3 Rfc8 36. Ra2 Kf7 37. Kg2 Ke7 38. Be2 Ra8 39. Rca1 Rf8 40. a5 b5 41.
cxb5 axb5 42. a6 Ra7 43. Ra5 Rb8 44. Kf3 Kd8 45. Ke3 Kc7 46. Rf1 Kb6 47. Ra2
Rf8 48. Rc1 Rfa8 49. Rf1 Rf8 50. Rc1 Rfa8 51. Rf1 Rf8 1/2-1/2

[Event "USCL Manhattan vs Boston"]
[Site "Internet Chess Club"]
[Date "2010.09.08"]
[Round "3"]
[White "Martirosov, Vadim"]
[Black "Smith, Shaun"]
[Result "1-0"]
[WhiteElo "2248"]
[BlackElo "2008"]
[PlyCount "99"]
[EventDate "2010.??.??"]

1. d4 Nf6 2. Nf3 c5 3. d5 d6 4. Nc3 g6 5. e4 Bg7 6. Bb5+ Bd7 7. a4 O-O 8. h3
Bxb5 9. axb5 Nbd7 10. O-O a6 11. bxa6 Rxa6 12. Rxa6 bxa6 13. Qd3 Qb6 14. b3 Rb8
15. Bd2 Ne8 16. Bg5 Kf8 17. Ra1 Nc7 18. Ra4 Nb5 19. Nd1 Qb7 20. Ne3 Nb6 21. Ra5
Re8 22. Nc4 Kg8 23. Nxb6 Qxb6 24. Ra4 Qb7 25. Be3 Rc8 26. Nd2 Rb8 27. Nc4 Bc3
28. e5 Bd4 29. exd6 exd6 30. Na5 Qb6 31. Nc6 Re8 32. Bxd4 cxd4 33. Nxd4 Re1+
34. Kh2 Qc5 35. Qd2 Re5 36. Nc6 Re8 37. Rh4 h5 38. c4 Na7 39. Nxa7 Qxa7 40. Rf4
Qe7 41. Qd4 Rb8 42. Re4 Qg5 43. f4 Qf5 44. b4 h4 45. c5 dxc5 46. bxc5 Rd8 47.
d6 Qd7 48. Re7 Qf5 49. d7 Kh7 50. Re8 1-0

[Event "USCL Chicago vs San Francisco"]
[Site "Internet Chess Club"]
[Date "2010.09.08"]
[Round "3"]
[White "Gurevich, Dmitry"]
[Black "Zilberstein, Dmitry"]
[Result "1-0"]
[WhiteElo "2481"]
[BlackElo "2429"]
[PlyCount "47"]
[EventDate "2010.??.??"]

1. d4 d5 2. c4 e6 3. Nc3 c6 4. e3 Bd6 5. Bd3 f5 6. h3 Nf6 7. g4 g6 8. Nf3 Nbd7
9. gxf5 gxf5 10. Rg1 Qe7 11. cxd5 cxd5 12. Nb5 a6 13. Nxd6+ Qxd6 14. Bd2 b6 15.
Ne5 Nxe5 16. dxe5 Qxe5 17. Bc3 Qh2 18. Rg3 Rf8 19. Bxf6 Rxf6 20. Qh5+ Ke7 21.
Qh4 Qh1+ 22. Kd2 Qxa1 23. Rg7+ Kd6 24. Qb4+ 1-0

[Event "USCL Manhattan vs Boston"]
[Site "Internet Chess Club"]
[Date "2010.09.08"]
[Round "3"]
[White "Stripunsky, Alex"]
[Black "Perelshteyn, Eugene"]
[Result "1/2-1/2"]
[WhiteElo "2659"]
[BlackElo "2568"]
[PlyCount "166"]
[EventDate "2010.??.??"]

1. e4 c5 2. c3 d5 3. exd5 Qxd5 4. d4 g6 5. dxc5 Qxd1+ 6. Kxd1 Nf6 7. Bb5+ Bd7
8. Na3 Bg7 9. Nf3 O-O 10. Ke2 a6 11. Bc4 Bc6 12. Nc2 Nbd7 13. Be3 Rac8 14. Ncd4
Bxf3+ 15. Nxf3 Nxc5 16. a4 Ng4 17. Bxc5 Rxc5 18. Bb3 Ne5 19. Nd2 Ng4 20. h3
Re5+ 21. Kf1 Nf6 22. Nf3 Rc5 23. Ke2 Ne4 24. Rhe1 Bf6 25. Kf1 Nd6 26. Rad1 Rfc8
27. Rd3 Kg7 28. Nd2 h5 29. Ne4 Nxe4 30. Rxe4 R8c7 31. Rb4 e6 32. Bd1 Be7 33.
Rbd4 a5 34. Rd7 Kf8 35. Be2 Ke8 36. Rxc7 Rxc7 37. Rd2 Bc5 38. Bb5+ Ke7 39. Ke2
h4 40. Kf3 f5 41. Ke2 g5 42. Rd1 Bd6 43. Rd4 Bc5 44. Rd1 Bd6 45. Rd4 Bc5 46.
Rc4 Bd6 47. Kd3 b6 48. Rxc7+ Bxc7 49. Kc4 Be5 50. Ba6 Kd7 51. Bb7 Kc7 52. Ba8
Bh2 53. Kb5 Bg1 54. f3 Bf2 55. Bc6 Be3 56. Be8 Bc1 57. b4 Bd2 58. bxa5 bxa5 59.
c4 Bb4 60. c5 f4 61. Bf7 e5 62. Bg6 Be1 63. Kc4 Bb4 64. Kd5 Ba3 65. Be4 Bb4 66.
c6 Bc3 67. Ke6 Bd4 68. Kf6 Bc3 69. Kxg5 Be1 70. Kg4 Kd6 71. Kf5 Bc3 72. Kf6 Kc7
73. Ke6 Bd4 74. Kd5 Bc3 75. Bd3 Bb2 76. Bb5 Bc3 77. Bf1 Bb2 78. Bb5 Bc3 79. Ke4
Bb2 80. Kf5 Bc3 81. Kg4 Be1 82. Kg5 Kd6 83. Kf5 Bc3 1/2-1/2